Jamaica all time starting xi - Statistics

General Stats
  • This quiz has been taken 9 times
  • The average score is 2 of 11
Answer Stats
Hint Answer % Correct
MF(2019- Leon Bailey
88%
GK(2014- Andre Blake
75%
FW(2021-2025 Michail Antonio
50%
FW(2004-2013 Luton Shelton
13%
FW(2017- Shamar Nicholson
13%
MF(1997-2008 Andy Williams
0%
DF(1996-2009 Ian Goodison
0%
DF(2004-2017 Jermaine Taylor
0%
DF(1993-2003 Linval Dixon
0%
DF(1997-2011 Ricardo Gardner
0%
MF(1993-2004 Theodore Whitmore
0%
No matching quizzes found
Score Distribution
Percent of People with Each Score
Percentile by Number Answered
Your Score History
You have not taken this quiz